The principles of equity & trusts / (Record no. 592401)

000 -LEADER
fixed length control field 00869nam a22003015i 4500
001 - CONTROL NUMBER
control field 21519420
005 - DATE AND TIME OF LATEST TRANSACTION
control field 20221119100510.0
008 - FIXED-LENGTH DATA ELEMENTS--GENERAL INFORMATION
fixed length control field 200504s2020 nyu 000 0 eng
010 ## - LIBRARY OF CONGRESS CONTROL NUMBER
LC control number 2020938077
020 ## - INTERNATIONAL STANDARD BOOK NUMBER
International Standard Book Number 9780198854159
Qualifying information (paperback)
020 ## - INTERNATIONAL STANDARD BOOK NUMBER
Canceled/invalid ISBN 9780192596116
Qualifying information (epub)
020 ## - INTERNATIONAL STANDARD BOOK NUMBER
Canceled/invalid ISBN 9780192596109
040 ## - CATALOGING SOURCE
Original cataloging agency DLC
Language of cataloging eng
Description conventions rda
Transcribing agency DLC
042 ## - AUTHENTICATION CODE
Authentication code pcc
082 ## - DEWEY DECIMAL CLASSIFICATION NUMBER
Classification number 346.004
Author Mark VIR
100 1# - MAIN ENTRY--PERSONAL NAME
Personal name Virgo, Graham,
Relator term author.
9 (RLIN) 103124
245 14 - TITLE STATEMENT
Title The principles of equity & trusts /
Statement of responsibility, etc. Graham Virgo.
250 ## - EDITION STATEMENT
Edition statement 4th.
263 ## - PROJECTED PUBLICATION DATE
Projected publication date 2006
264 #1 - PRODUCTION, PUBLICATION, DISTRIBUTION, MANUFACTURE, AND COPYRIGHT NOTICE
Place of production, publication, distribution, manufacture United kingdom :
Name of producer, publisher, distributor, manufacturer Oxford University Press,
Date of production, publication, distribution, manufacture, or copyright notice 2020.
300 ## - PHYSICAL DESCRIPTION
Extent 732 p. ;
Dimensions 24 cm
336 ## - CONTENT TYPE
Content type term text
Content type code txt
Source rdacontent
337 ## - MEDIA TYPE
Media type term unmediated
Media type code n
Source rdamedia
338 ## - CARRIER TYPE
Carrier type term volume
Carrier type code nc
Source rdacarrier
906 ## - LOCAL DATA ELEMENT F, LDF (RLIN)
a 0
b ibc
c orignew
d 2
e epcn
f 20
g y-gencatlg
942 ## - ADDED ENTRY ELEMENTS (KOHA)
Source of classification or shelving scheme
Koha item type Book
Holdings
Withdrawn status Lost status Source of classification or shelving scheme Damaged status Not for loan Permanent Location Current Location Shelving location Date acquired Source of acquisition Full call number Barcode Date last seen Price effective from Koha item type
          NUST Law School (NLS) NUST Law School (NLS) Law 11/19/2022 Allied Book Company 346.004 VIR CL-1269 11/19/2022 11/19/2022 Book
© 2023 Central Library, National University of Sciences and Technology. All Rights Reserved.